[Event "Thanet op-B 50th"]
[Site "Margate"]
[Date "2019.08.16"]
[Round "1"]
[White "Quader, Ziaul"]
[Black "McAllan, Ian"]
[Result "0-1"]
[WhiteElo "2145"]
[BlackElo "1998"]
[PlyCount "50"]
[EventDate "2019.08.16"]
[EventType "swiss"]
[EventRounds "5"]
[EventCountry "ENG"]
[SourceTitle "EXT 2024"]
[Source "ChessBase"]
[SourceDate "2023.10.10"]
[SourceVersion "1"]
[SourceVersionDate "2023.10.10"]
[SourceQuality "1"]

1. e4 e6 2. d4 d5 3. e5 c5 4. c3 Nc6 5. Nf3 Bd7 6. Be2 f6 7. 0-0 Qc7 8. Bf4 Qb6 9. Qd2 g5 10. Bg3 g4 11. dxc5 Bxc5 12. Ne1 Nxe5 13. Bxe5 fxe5 14. b4 Bd6 15. a4 Nf6 16. Qg5 Kf7 17. Nd3 e4 18. Ne5+ Bxe5 19. Qxe5 Rac8 20. Bxg4 Qc7 21. Bh5+ Ke7 22. Qg5 Rhg8 23. Qh4 Qe5 24. Be2 Qg5 25. Qxg5 Rxg5 0-1

[Event "Harrogate 4NCL op-A 21st"]
[Site "Harrogate"]
[Date "2019.01.20"]
[Round "5"]
[White "Quader, Ziaul"]
[Black "De Coverly, Roger D"]
[Result "1/2-1/2"]
[WhiteElo "2160"]
[BlackElo "1938"]
[PlyCount "35"]
[EventDate "2019.01.18"]
[EventType "swiss"]
[EventRounds "5"]
[EventCountry "ENG"]
[SourceTitle "CBM 188 Extra"]
[Source "ChessBase"]
[SourceDate "2019.02.26"]
[SourceVersion "1"]
[SourceVersionDate "2019.02.26"]
[SourceQuality "1"]

1. e4 e5 2. Nf3 Nc6 3. Bb5 a6 4. Ba4 Nf6 5. 0-0 Be7 6. c3 b5 7. Bc2 0-0 8. d4 d6 9. h3 exd4 10. Nxd4 Nxd4 11. cxd4 Bb7 12. Re1 c5 13. Bf4 Rc8 14. d5 Nd7 15. Nc3 Qb6 16. Ne2 Bf6 17. Rb1 g6 18. Be3 1/2-1/2

[Event "Harrogate 4NCL op-A 21st"]
[Site "Harrogate"]
[Date "2019.01.19"]
[Round "2"]
[White "Gormally, Daniel"]
[Black "Quader, Ziaul"]
[Result "1-0"]
[WhiteElo "2481"]
[BlackElo "2160"]
[PlyCount "73"]
[EventDate "2019.01.18"]
[EventType "swiss"]
[EventRounds "5"]
[EventCountry "ENG"]
[SourceTitle "CBM 188 Extra"]
[Source "ChessBase"]
[SourceDate "2019.02.26"]
[SourceVersion "1"]
[SourceVersionDate "2019.02.26"]
[SourceQuality "1"]

1. e4 c5 2. Nf3 d6 3. c3 Nf6 4. h3 g6 5. Bd3 Bg7 6. 0-0 0-0 7. Bc2 Nc6 8. d4 cxd4 9. cxd4 Nb4 10. Bb3 d5 11. e5 Ne8 12. Nc3 Nc7 13. Be3 Bf5 14. Qd2 Bd3 15. Rfe1 Ba6 16. Na4 Nd3 17. Red1 b5 18. Nc3 Nb4 19. Rac1 Qd7 20. Ne2 Nc6 21. Nf4 Bb7 22. Rc5 e6 23. Nd3 a5 24. a4 b4 25. Bh6 Rfc8 26. Bxg7 Kxg7 27. Rcc1 Na6 28. Qf4 Qe7 29. Nh2 h5 30. Nf3 Na7 31. Qg3 Rxc1 32. Rxc1 Rc8 33. Rxc8 Nxc8 34. Nf4 Kh6 35. Bc2 g5 36. h4 gxf4 37. Qg8 1-0

[Event "Harrogate 4NCL op-A 21st"]
[Site "Harrogate"]
[Date "2019.01.18"]
[Round "1"]
[White "Quader, Ziaul"]
[Black "Dobson, Graham"]
[Result "1-0"]
[WhiteElo "2160"]
[BlackElo "1867"]
[PlyCount "71"]
[EventDate "2019.01.18"]
[EventType "swiss"]
[EventRounds "5"]
[EventCountry "ENG"]
[SourceTitle "CBM 188 Extra"]
[Source "ChessBase"]
[SourceDate "2019.02.26"]
[SourceVersion "1"]
[SourceVersionDate "2019.02.26"]
[SourceQuality "1"]

1. e4 c6 2. d4 d5 3. Nc3 dxe4 4. Nxe4 Nf6 5. Nxf6+ exf6 6. Bc4 Bf5 7. Bf4 Nd7 8. Ne2 Nb6 9. Bb3 Bd6 10. Qd2 0-0 11. 0-0 Re8 12. Ng3 Bg6 13. c4 Bxf4 14. Qxf4 Bd3 15. Rfc1 Qd7 16. Rc3 Bg6 17. h4 h6 18. Bc2 Rad8 19. Rd1 Bxc2 20. Rxc2 Qe6 21. b3 g5 22. Qf3 Nc8 23. Re2 Qd6 24. Ne4 Rxe4 25. Qxe4 Kg7 26. g3 Rd7 27. hxg5 hxg5 28. Qg4 Re7 29. Rxe7 Nxe7 30. f4 Ng6 31. fxg5 fxg5 32. Qxg5 Qe6 33. d5 cxd5 34. cxd5 Qe2 35. Qd2 Qg4 36. Qd4+ 1-0